All 500K+ Cities in the United States on a Map - Statistics

General Stats
  • This quiz has been taken 5,633 times
  • The average score is 72 of 105
Answers on the Map
Answers color-coded by a green-red scale on the quiz's map according to % correct below.
 
Answer Stats
State Population City % Correct
CA 18,711,436 Los Angeles
98%
CA 9,665,887 San Francisco
97%
WA 4,903,675 Seattle
97%
IL 9,825,325 Chicago
96%
TX 8,057,796 Dallas
96%
TX 7,253,193 Houston
96%
NV 2,313,238 Las Vegas
96%
FL 6,889,936 Miami
96%
NY 22,589,036 New York City
96%
MA 8,287,710 Boston
94%
CO 3,617,927 Denver
94%
AZ 5,002,221 Phoenix
94%
CA 3,338,330 San Diego
94%
GA 6,853,392 Atlanta
93%
OR 3,259,710 Portland
93%
ME 646,777 Portland
93%
DC 9,814,928 Washington, D.C.
93%
TX 2,227,083 Austin
92%
MI 5,341,994 Detroit
92%
LA 1,507,017 New Orleans
92%
UT 2,641,048 Salt Lake City
92%
MN 4,027,861 Minneapolis
91%
FL 4,160,646 Orlando
91%
PA 7,209,620 Philadelphia
91%
IN 2,457,286 Indianapolis
90%
MS 674,340 Jackson
90%
OK 1,481,542 Oklahoma City
90%
CA 2,639,124 Sacramento
90%
HI 974,563 Honolulu
89%
MO 2,501,151 Kansas City
89%
TN 2,062,547 Nashville
88%
FL 3,194,831 Tampa
88%
FL 1,688,701 Jacksonville
87%
TX 2,571,266 San Antonio
87%
TX 1,062,319 El Paso
86%
NM 1,158,464 Albuquerque
85%
OH 3,586,918 Cleveland
85%
TN 1,371,039 Memphis
85%
MO 2,907,648 Saint Louis
85%
OH 2,525,639 Columbus
84%
ID 831,235 Boise
83%
WI 2,047,966 Milwaukee
83%
PA 2,603,259 Pittsburgh
83%
NY 1,204,100 Buffalo
82%
NC 2,797,636 Charlotte
82%
OH 2,280,246 Cincinnati
82%
NC 2,079,687 Raleigh
79%
LA 854,884 Baton Rouge
78%
AZ 1,093,777 Tucson
77%
NV 637,973 Reno
75%
IA 877,991 Des Moines
74%
AR 908,941 Little Rock
74%
KY 1,489,142 Louisville
74%
NY 1,167,594 Albany
73%
AL 1,317,702 Birmingham
73%
SC 802,122 Charleston
73%
WV 776,694 Charleston
73%
NE 986,007 Omaha
73%
VA 1,291,900 Richmond
73%
CO 745,791 Colorado Springs
72%
OK 1,118,150 Tulsa
71%
VA 1,859,197 Virginia Beach
69%
CA 1,309,368 Fresno
68%
WI 892,661 Madison
68%
CT 1,470,083 Hartford
66%
KS 675,126 Wichita
63%
SC 963,048 Columbia
62%
AL 652,770 Mobile
62%
TX 535,257 Corpus Christi
61%
WA 734,218 Spokane
61%
GA 583,882 Savannah
60%
MI 550,391 Lansing
58%
NY 1,160,940 Rochester
57%
OH 831,295 Toledo
57%
PA 1,271,801 Harrisburg
56%
NY 725,169 Syracuse
56%
MI 1,412,470 Grand Rapids
54%
TN 1,146,049 Knoxville
54%
CA 900,202 Bakersfield
53%
OH 1,080,282 Dayton
51%
NC 1,689,151 Greensboro
50%
KY 745,033 Lexington
50%
MA 697,382 Springfield
50%
TN 1,004,573 Chattanooga
46%
IN 639,669 Fort Wayne
44%
TX 933,340 McAllen
41%
GA 608,980 Augusta
40%
AL 624,427 Huntsville
39%
NC 854,826 Fayetteville
38%
AR 534,904 Fayetteville
38%
PA 553,885 Scranton
38%
FL 539,262 Pensacola
37%
LA 620,679 Lafayette
36%
PA 844,052 Allentown
33%
IN 809,069 South Bend
33%
NC 542,821 Asheville
31%
FL 1,197,501 Cape Coral
30%
SC 1,475,235 Greenville
29%
SC 559,581 Myrtle Beach
28%
MI 503,706 Kalamazoo
24%
FL 1,063,906 Sarasota
24%
OH 637,964 Youngstown
23%
PA 545,724 Lancaster
18%
TN 510,851 Johnson City
14%
FL 601,942 Palm Bay
8%
No matching quizzes found
Score Distribution
Percent of People with Each Score
Percentile by Number Answered
Your Score History
You have not taken this quiz